[Event "Berliner Sommer"]
[Site "Berlin"]
[Date "1997.??.??"]
[Round "1"]
[White "Poseck, Steffen"]
[Black "Dvoirys, Semen I"]
[Result "0-1"]
[WhiteElo "2090"]
[BlackElo "2615"]

1.d4 Nf6 2.Bg5 c5 3.Bxf6 gxf6 4.d5 Qb6 5.Qc1 f5 6.g3 Bg7 7.c3 Qf6 8.Nh3 h5
9.Na3 d6 10.Qg5 Nd7 11.Bg2 h4 12.Qxf6 Nxf6 13.Nb5 Kf8 14.O-O-O Bd7 15.c4 Ng4
16.Rdf1 Bf6 17.Nf4 a6 18.Na3 Rb8 19.Nd3 Kg7 20.h3 Ne5 21.Nxe5 Bxe5 22.f4 Bf6
23.Rf3 Kh6 24.Rb3 Rhg8 25.g4 fxg4 26.hxg4 Bxg4 27.e4 Bd7 28.Rh2 b5 29.cxb5 axb5
30.Nc2 Rg4 31.Bh3 Rg1+ 32.Kd2 Bxh3 33.Rhxh3 Rbg8 34.Ne3 Kh5 35.Ke2 Rb1 36.Nd1 Rg1
37.e5 dxe5 38.fxe5 Bg5 39.Nf2 Rbe1+ 40.Kd3 Rxe5  0-1

[Event "Berliner Sommer"]
[Site "Berlin"]
[Date "1997.??.??"]
[Round "6"]
[White "De la Villa Garcia, Jesus Maria"]
[Black "Wiersma, Eelke"]
[Result "0-1"]
[WhiteElo "2485"]
[BlackElo "2300"]

1.d4 Nf6 2.Bg5 c5 3.Nc3 Qa5 4.Bxf6 gxf6 5.e3 e6 6.d5 Bg7 7.Ne2 Na6 8.g3 Nc7
9.Bg2 Nb5 10.O-O Nxc3 11.Nxc3 f5 12.e4 fxe4 13.Nxe4 O-O 14.c3 Qb6 15.Rb1 d6
16.dxe6 Bxe6 17.Ng5 Bf5 18.Bd5 Qd8 19.h4 Qd7 20.Rc1 Rae8 21.Qd2 h6 22.Nf3 Re7
23.Rfe1 Rfe8 24.Qf4 Rxe1+ 25.Rxe1 Rxe1+ 26.Nxe1 Be6 27.c4 Bxd5 28.cxd5 b5
29.b3 Qc7 30.Nc2 c4 31.bxc4 bxc4 32.Kg2 Qc5 33.Qe4 Kf8 34.f4 Bf6 35.h5 c3
36.g4 Qb5 37.a3 Kg7 38.a4 Qb1 39.Qd3 Kf8 40.Qe2 Bd8 41.Kf3 Bb6 42.Ke4 Qb3
43.Qd3 Qxa4+ 44.Kf3 Qb3 45.g5 hxg5 46.fxg5 Qb1 47.Qxc3 Qd1+ 48.Kf4 Qxh5 49.Qc8+ Kg7
50.Qc3+ Kh7 51.Nb4 Qh4+ 52.Kf5 Bd8 53.Qd2 Qh3+ 54.Ke4 Qg4+ 55.Kd3 Ba5 56.Qh2+ Kg8
57.Nc6 Qf5+ 58.Kc4 Qe4+  0-1

[Event "Berliner Sommer"]
[Site "Berlin"]
[Date "1997.??.??"]
[Round "8"]
[White "Shalow, D."]
[Black "Sharavdorj, Dashzeveg"]
[Result "0-1"]
[WhiteElo "2190"]
[BlackElo "2385"]

1.d4 Nf6 2.Bg5 c5 3.d5 Ne4 4.Bf4 d6 5.f3 Nf6 6.e4 g6 7.c3 Bg7 8.Bc4 O-O 9.Ne2 Nbd7
10.Qd2 Nh5 11.g4 Nxf4 12.Qxf4 Ne5 13.Nd2 b5 14.Bxb5 Rb8 15.Bc4 Rxb2 16.Qe3 Rxd2  0-1

[Event "Mermaid Beach Club"]
[Site "Bermuda"]
[Date "1997.??.??"]
[Round "4"]
[White "Hodgson, Julian M"]
[Black "Hjartarson, Johann"]
[Result "1-0"]
[WhiteElo "2560"]
[BlackElo "2585"]

1.d4 Nf6 2.Bg5 c5 3.d5 g6 4.Nc3 Bg7 5.e4 d6 6.f4 O-O 7.Nf3 a6 8.a4 Nh5 9.f5 Nd7
10.Be2 Rb8 11.O-O Nhf6 12.Qe1 Re8 13.Qh4 c4 14.Be3 Qc7 15.Kh1 b6 16.g4 Nc5
17.g5 Nfd7 18.Bd4 Ne5 19.Nxe5 dxe5 20.Be3 b5 21.axb5 axb5 22.Qf2 Nxe4 23.Nxe4 gxf5
24.Bg4 e6 25.Nf6+ Bxf6 26.gxf6 fxg4 27.Bh6 Bb7 28.Rad1 Bxd5+ 29.Rxd5 Qc6
30.Rd1 Kh8 31.Bg7+ Kg8 32.Qc5 Qb7 33.Qg1 exd5 34.Qxg4 d4+ 35.Kg1 Qc8 36.Qg5  1-0

[Event "Bled op18th"]
[Site "Bled"]
[Date "1997.??.??"]
[Round "1"]
[White "Truta, Srecko"]
[Black "Mazi, Leon"]
[Result "1/2-1/2"]
[WhiteElo "2200"]
[BlackElo "2355"]

1.d4 Nf6 2.Bg5 d5 3.Nd2 c6 4.c3 Bf5 5.Ngf3 Nbd7 6.e3 h6 7.Bh4 g5 8.Bg3 Nh5
9.Be2 Nxg3 10.hxg3 Bg7 11.Nh2 e5 12.g4 Be6 13.Nhf1 Qb6 14.Qc2 c5 15.dxc5 Qxc5
16.Ng3 Qb6 17.Nf5 Bf8 18.a4 a6 19.a5 Qc7 20.O-O Nf6 21.Rfc1 h5 22.gxh5 Nxh5
23.Nf1 Ng7 24.g4 Nxf5 25.gxf5 Bd7 26.c4 d4 27.exd4 exd4 28.Qe4+ Be7 29.Ng3 Bc6
30.Qxd4 Rh4 31.Qe3 O-O-O 32.Bf3 Rdh8 33.Bd5 Bf6 34.Rd1 Be5 35.Bxc6 Qxc6 36.Rd5 f6
37.Rad1 Rxc4 38.Qd3 Bc7 39.Qe2 Rc2 40.Qe6+ Qxe6 41.fxe6 Re8 42.Re1 Bxg3 43.fxg3 Rc6
44.e7 Rc7 45.Rd6 Rcxe7 46.Rxe7 Rxe7 47.Rxf6 Re5 48.b4 Rb5 49.Rg6 Rxb4 50.Rxg5 Rb2
51.Rf5 Kd7 52.Rf2 Rb5 53.Ra2 Ke6 54.Kg2 Kf5  1/2-1/2

[Event "Bled op-B"]
[Site "Bled"]
[Date "1997.??.??"]
[Round "4"]
[White "Dragasevic Georgieva, Antonina"]
[Black "Hribar, Bojan"]
[Result "1/2-1/2"]
[WhiteElo "2160"]
[BlackElo "2210"]

1.d4 Nf6 2.Bg5 g6 3.Bxf6 exf6 4.e3 Bg7 5.g3 O-O 6.Bg2 d5 7.Ne2 c6 8.Nf4 Nd7
9.Nd2 f5 10.c4 dxc4 11.Nxc4 Rb8 12.Qc2 c5 13.dxc5 Nxc5 14.Rd1 Qe7 15.Nd5 Qe6
16.Nc7 Qe7 17.Nd5 Qe6 18.Nc7  1/2-1/2

[Event "Clarin GP1 Boca Juniors"]
[Site "Boca"]
[Date "1997.??.??"]
[Round "2"]
[White "Pizarro, Pablo"]
[Black "Alonso, Salvador"]
[Result "0-1"]
[WhiteElo "2155"]
[BlackElo "2400"]

1.d4 Nf6 2.Bg5 c5 3.Bxf6 gxf6 4.d5 f5 5.c3 d6 6.g3 b5 7.Bg2 Bg7 8.Nh3 h5
9.Nf4 Qb6 10.e3 b4 11.O-O bxc3 12.bxc3 Qb2 13.Qa4+ Kf8 14.Qa5 Bf6 15.Nxh5 Rxh5
16.Qd8+ Kg7 17.Qxc8 Rh8 18.Qxf5 Na6 19.Qd3 c4 20.Qxc4 Nc5 21.Qg4+ Kf8 22.Nd2 Qxd2
23.Rab1 Qxa2  0-1

[Event "Bolzano op"]
[Site "Bolzano"]
[Date "1997.??.??"]
[Round "?"]
[White "Skembris, Spyridon"]
[Black "Rossi, Carlo"]
[Result "0-1"]
[WhiteElo "2450"]
[BlackElo "2320"]

1.d4 Nf6 2.Bg5 c5 3.Bxf6 gxf6 4.dxc5 Qa5+ 5.c3 Qxc5 6.Nf3 b6 7.Nbd2 Bb7 8.g3 Nc6
9.Bg2 Ne5 10.O-O Qc7 11.Qb3 e6 12.Rad1 Ng6 13.Nd4 Bxg2 14.Kxg2 Qb7+ 15.f3 Be7
16.e4 Rc8 17.Rfe1 Rc5 18.Nc4 b5 19.Ne3 h5 20.a4 a6 21.axb5 axb5 22.c4 b4
23.Nb5 Qb8 24.Qd3 Ne5 25.Qd4 h4 26.b3 hxg3 27.f4 Nd3 28.Rxd3 Rxh2+ 29.Kxg3 Rg5+
30.Kf3 Qxf4+  0-1

[Event "NLD-chT f (Panfox-HSG)"]
[Site "Breda"]
[Date "1997.??.??"]
[Round "2"]
[White "Hodgson, Julian M"]
[Black "Kosashvili, Yona"]
[Result "1/2-1/2"]
[WhiteElo "2560"]
[BlackElo "2560"]

1.d4 Nf6 2.Bg5 d5 3.Nd2 Nbd7 4.Ngf3 h6 5.Bh4 e6 6.c4 Be7 7.cxd5 exd5 8.Qc2 O-O
9.e3 Re8 10.Bd3 c5 11.dxc5 Nxc5 12.O-O Qb6 13.Nb3 Nxd3 14.Qxd3 Be6 15.Nfd4 Rac8
16.Rac1 Rc4 17.Nxe6 Qxe6 18.Nd4 Qa6 19.b3 Ra4 20.Qb1 Rxa2 21.Nf5 Rd2 22.Nxe7+ Rxe7
23.Bxf6 gxf6 24.Qf5 Qe6 25.Qf4 Kh7 26.Qb8 Qe5 27.Qxa7 d4 28.exd4 Qxd4 29.Qa5 Qd5
30.Qa8 Qb5 31.Qb8 f5 32.b4 Qe5 33.Qf8 Re2 34.Rc5 Qf6 35.Qc8 Qe6 36.Qxe6 fxe6
37.g3 Rb2 38.Rb5 Kg6 39.Rb6 Kf6 40.Re1 Rc2 41.Kg2 Rb2 42.Re3 Ra2 43.Kf3 Ra6
44.Rxa6 bxa6 45.Ra3 Rb7 46.Ra4 Rb6 47.Ke3 Rd6 48.h3  1/2-1/2

[Event "NLD-chT f (Panfox-HSG)"]
[Site "Breda"]
[Date "1997.??.??"]
[Round "2"]
[White "Blees, Albert"]
[Black "Douven, Rudy C"]
[Result "0-1"]
[WhiteElo "2405"]
[BlackElo "2415"]

1.d4 Nf6 2.Bg5 g6 3.Bxf6 exf6 4.e3 Bg7 5.Bd3 f5 6.Ne2 d6 7.Nbc3 O-O 8.h4 a6
9.h5 b5 10.Nf4 Bb7 11.hxg6 hxg6 12.Rh3 Re8 13.Qd2 c5 14.O-O-O Nc6 15.Rdh1 Ne7
16.Rh7 Qa5 17.e4 cxd4 18.exf5 dxc3 19.Rxg7+ Kxg7 20.Ne6+ fxe6 21.Qh6+ Kf6
22.Qh4+ Ke5 23.Re1+ Kd5 24.Rxe6 cxb2+ 25.Kb1 Nxf5  0-1

[Event "Spring op"]
[Site "Budapest"]
[Date "1997.??.??"]
[Round "6"]
[White "Ionescu, Doru Alexandru"]
[Black "Fordan, Tibor"]
[Result "0-1"]
[WhiteElo "2335"]
[BlackElo "2225"]

1.d4 d5 2.Bg5 Nf6 3.Bxf6 exf6 4.g3 c6 5.Bg2 Bd6 6.e3 O-O 7.Ne2 Re8 8.Nd2 Bg4
9.O-O Qb6 10.b3 Bxe2 11.Qxe2 Qxd4 12.c4 Bb4 13.Nf3 Qc5 14.cxd5 Qxd5 15.Rfd1 Qa5
16.a3 Bf8 17.Nd4 Qb6 18.Qc4 a5 19.Nf5 Qc5 20.Qxc5 Bxc5 21.Nd6 Bxd6 22.Rxd6 Na6
23.Rad1 Rac8 24.Bf1 Nb8 25.b4 axb4 26.axb4 b5 27.Bh3 Rc7 28.Ra1 Kf8 29.Ra8 Rb7
30.Bg2 Ke7 31.Rd4 f5 32.g4 Rd7 33.Rxd7+ Kxd7 34.gxf5 Ke7 35.Ra7+ Kf6 36.Rc7 Rd8
37.Bxc6 Rd1+ 38.Kg2 Rc1 39.Rb7 Nxc6 40.Rxb5 Rc2 41.Kg3 Rc4 42.Rb6 Kxf5 43.b5 Rg4+
44.Kf3 Ne5+ 45.Ke2 Rb4 46.Rb8 Rb2+ 47.Kf1 Ng4  0-1

[Event "Bunratty Masters op"]
[Site "Bunratty"]
[Date "1997.??.??"]
[Round "4"]
[White "Orr, Mark J L"]
[Black "O'Cinneide, Mel"]
[Result "1/2-1/2"]
[WhiteElo "2360"]
[BlackElo "2255"]

1.d4 d5 2.Bg5 Nf6 3.Bxf6 gxf6 4.e3 Bf5 5.c4 c6 6.Qb3 Qb6 7.Nc3 Qxb3 8.axb3 e6
9.c5 a5 10.Nge2 Nd7 11.b4 b6 12.Ng3 Bg6 13.b5 bxc5 14.bxc6 Nb6 15.Bb5 Kd8
16.O-O Kc7 17.Nge2 c4 18.Nf4 Bb4 19.Rfc1 Rhb8 20.f3 Bxc3 21.bxc3 Nc8 22.Ba4 Ne7
23.Nxg6 hxg6 24.Rc2 Rb6 25.Rca2 Rab8 26.g4 g5 27.Kf2 Nxc6 28.Bxc6 Kxc6 29.Rxa5 Rb3
30.e4 Rxc3  1/2-1/2

[Event "Cairo-B"]
[Site "Cairo"]
[Date "1997.??.??"]
[Round "8"]
[White "Afifi, Assem"]
[Black "Poldauf, Dirk"]
[Result "1/2-1/2"]
[WhiteElo "2340"]
[BlackElo "2470"]

1.d4 Nf6 2.Bg5 g6 3.Bxf6 exf6 4.e3 Bg7 5.g3 O-O 6.Bg2 f5 7.Ne2 d6 8.O-O Nd7
9.c4 Nf6 10.Nbc3 Re8 11.Qd3 Rb8 12.b4 Bd7 13.b5 c6 14.Rab1 Qa5 15.Rb2 c5
16.Nf4 Be6 17.Nfd5 Nd7 18.Rd1 Rbc8 19.Rc2 h5 20.Ne2 cxd4 21.exd4 f4 22.Nexf4 Bf5
23.Qc3 Qa4 24.Rcc1 Bg4 25.f3 Bf5 26.Ne3 Be6 27.Nxe6 Rxe6 28.Nd5 Qxa2 29.Bf1 Nc5
30.Rb1 Na4 31.Qb4 Nb6 32.Rd2 Qa4 33.Qxa4 Nxa4 34.Ra1 Nb6 35.Rxa7 Nxd5 36.cxd5 Re7
37.f4 Rc1 38.Kf2 f5 39.Ra8+ Kf7 40.Rd8 Ree1 41.Bg2 Red1 42.Rxd1 Rxd1 43.Rd7+ Kf8
44.Bf3 Bxd4+ 45.Ke2 Rb1 46.Rxd6 Rb3 47.Bh1 Rb1 48.Bf3 Rb3 49.Bh1 Rb1  1/2-1/2

[Event "Cannes op 18th"]
[Site "Cannes"]
[Date "1997.??.??"]
[Round "2"]
[White "Landenbergue, Claude"]
[Black "Xu Jun"]
[Result "1/2-1/2"]
[WhiteElo "2420"]
[BlackElo "2515"]

1.d4 Nf6 2.Bg5 c5 3.d5 Qb6 4.Nc3 Qxb2 5.Bd2 Qb6 6.e4 d6 7.f4 e5 8.fxe5 dxe5
9.Nf3 Nbd7 10.Rb1 Qd8 11.Bg5 Bd6 12.Nd2 O-O 13.Nc4 Nb6 14.Nxd6 Qxd6 15.Qf3 Bd7
16.Bxf6 Qxf6 17.Qxf6 gxf6 18.Bb5 Rfd8 19.O-O Kg7 20.Rf3 Nc8 21.Bxd7 Rxd7
22.Ne2 Nd6 23.Ng3 Kh8 24.Rxf6 Rg8 25.Re1 Rg5 26.Nf1 b5 27.Nd2 Rg6 28.Rf2 c4
29.Nf3 f6 30.h3 Kg7 31.Kh2 b4 32.g4 h6 33.Nh4 Rg5 34.Nf3 Rg6 35.Nh4  1/2-1/2

[Event "Cannes op 18th"]
[Site "Cannes"]
[Date "1997.??.??"]
[Round "2"]
[White "Lukasiewicz, Grzegorz"]
[Black "Mantovani, Renzo"]
[Result "1-0"]
[WhiteElo "2390"]
[BlackElo "2365"]

1.d4 Nf6 2.Bg5 c5 3.Bxf6 gxf6 4.d5 f5 5.c4 e5 6.Qc2 d6 7.Nc3 Na6 8.e3 Bd7
9.g3 Nc7 10.Bh3 Qc8 11.Nge2 Be7 12.f4 e4 13.O-O-O h5 14.Bg2 Rg8 15.h3 a6
16.g4 fxg4 17.hxg4 Bxg4 18.Bxe4 b5 19.Rdg1 Kf8 20.Ng3 bxc4 21.Bf5 Bxf5 22.Nxf5 Rxg1+
23.Rxg1 Bf6 24.e4 Nb5 25.Qg2 Qxf5 26.exf5 Nxc3 27.Qg8+  1-0

[Event "Cannes op 18th"]
[Site "Cannes"]
[Date "1997.??.??"]
[Round "2"]
[White "Summerscale, Aaron"]
[Black "Aleksieva, Silvia"]
[Result "1-0"]
[WhiteElo "2500"]
[BlackElo "2285"]

1.d4 Nf6 2.Bg5 d5 3.e3 e6 4.c4 dxc4 5.Nc3 c5 6.Bxc4 cxd4 7.exd4 Be7 8.Nf3 O-O
9.O-O Nc6 10.Re1 b6 11.a3 Bb7 12.Qd3 Nd5 13.Bd2 Nxc3 14.Bxc3 Bf6 15.Ne5 Ne7
16.Bb4 a5 17.Bc3 Nd5 18.Bd2 Bg5 19.Rad1 Bxd2 20.Qxd2 Rc8 21.Ba2 Re8 22.Bb1 Nf6
23.Qd3 Qd5 24.Qh3 Rc7 25.Ng4 Nxg4 26.Bxh7+ Kf8 27.Qxg4 g6 28.Re5 Qb3 29.Rde1 Qc2
30.h4 Kg7 31.Bxg6 fxg6 32.h5 Rf8 33.Rxe6 Rxf2 34.Qxg6+ Qxg6 35.Rxg6+ Kf7
36.Kxf2 Ba6 37.Rxb6 Rc2+ 38.Kg3 Bc4 39.h6 Bd5 40.Re5 Rxg2+ 41.Kh3  1-0

[Event "Cannes op-B 18th"]
[Site "Cannes"]
[Date "1997.??.??"]
[Round "5"]
[White "Medancic, Rikard"]
[Black "Moltchanov, Roman"]
[Result "0-1"]
[WhiteElo "2305"]
[BlackElo "2285"]

1.d4 Nf6 2.Bg5 c5 3.Bxf6 gxf6 4.c3 Qb6 5.Qc2 d6 6.e3 h5 7.h4 Nc6 8.Nd2 Bd7
9.Nc4 Qc7 10.dxc5 dxc5 11.a4 O-O-O 12.g3 Ne5 13.Nxe5 fxe5 14.Bh3 e6 15.Nf3 Bc6
16.Bg2 f5 17.O-O Be7 18.Rfd1 Rdg8 19.Qb3 Rh6 20.a5 f4 21.a6 b6 22.exf4 exf4
23.Re1 Bd5 24.c4 fxg3 25.cxd5 gxf2+ 26.Kxf2 Qg3+ 27.Ke3 c4 28.Qxc4+ Bc5+
29.Kd3 Qxg2 30.Qf4 Rf8 31.Qxh6 Rxf3+ 32.Kc4 Qc2+ 33.Kb5 Qb3+ 34.Kc6 Qxd5+
35.Kb5 Rb3+  0-1

[Event "Cannes op-B 18th"]
[Site "Cannes"]
[Date "1997.??.??"]
[Round "7"]
[White "Meszaros, Gyula"]
[Black "Moltchanov, Roman"]
[Result "1-0"]
[WhiteElo "2295"]
[BlackElo "2285"]

1.d4 Nf6 2.Bg5 c5 3.Nc3 cxd4 4.Qxd4 h6 5.Qh4 Qb6 6.O-O-O hxg5 7.Qxh8 Qxf2
8.e4 Nc6 9.Nf3 g4 10.Qh4 Qc5 11.Nd2 d6 12.Nb3 Qb6 13.Kb1 Bd7 14.Nc1 g6 15.Bc4 Bg7
16.Nd3 Nb4 17.Bb3 a5 18.e5 dxe5 19.Nxe5 Be6 20.Rhe1 Bxb3 21.axb3 Rd8 22.Nxg4 Rxd1+
23.Rxd1 Qc7 24.Ne3 e6 25.Qd4 Nc6 26.Qh4 Kf8 27.Nc4 Nb4 28.Ne3 Kg8 29.h3 Nc6
30.Nc4 Nb4 31.Ne3 Nc6 32.Rf1 Nd7 33.Ng4 Nce5 34.Qe7 Qc8 35.Nxe5 Nxe5 36.Rd1 Bf8
37.Rd8  1-0

[Event "Cannes op-B 18th"]
[Site "Cannes"]
[Date "1997.??.??"]
[Round "7"]
[White "Brumen, Dinko"]
[Black "Negre, Albert"]
[Result "1-0"]
[WhiteElo "2335"]
[BlackElo "2110"]

1.d4 Nf6 2.Bg5 g6 3.Bxf6 exf6 4.e3 Bg7 5.g3 O-O 6.Bg2 d5 7.Ne2 c6 8.O-O f5
9.Nd2 Be6 10.Nf4 Nd7 11.c4 Nf6 12.Qb3 Qb6 13.Rfc1 g5 14.cxd5 Qxb3 15.Nxb3 Nxd5
16.Nxe6 fxe6 17.Nc5 e5 18.Ne6 exd4 19.Nxf8 Rxf8 20.Bxd5+ cxd5 21.exd4 Bxd4
22.Rd1 Bg7 23.Rxd5 b6 24.Rb1 h6 25.b4 f4 26.b5 fxg3 27.hxg3  1-0

[Event "Ceske Budejovice op"]
[Site "Ceske Budejovice"]
[Date "1997.??.??"]
[Round "1"]
[White "Dumitrescu, Dragos"]
[Black "Hansson, Hakan"]
[Result "1-0"]
[WhiteElo "2420"]
[BlackElo "2185"]

1.d4 d5 2.Bg5 Nf6 3.Bxf6 exf6 4.e3 c6 5.Bd3 Be6 6.Qf3 Bd6 7.Ne2 Nd7 8.O-O Qc7
9.h3 O-O-O 10.b3 h5 11.Ng3 g5 12.Nf5 g4 13.Nxd6+ Qxd6 14.Qf4 Qe7 15.h4 Nf8
16.c4 Ng6 17.Qg3 f5 18.cxd5 f4 19.exf4 Bxd5 20.Nc3 Nxh4 21.Rfe1 Qf6 22.Be4 Nf5
23.Nxd5 cxd5 24.Bxf5+ Qxf5 25.Re5 Qf6 26.f5 Rhg8 27.Rc1+  1-0

[Event "Chemnitz op"]
[Site "Chemnitz"]
[Date "1997.??.??"]
[Round "7"]
[White "Bossert, Christian"]
[Black "Arbakov, Valentin"]
[Result "0-1"]
[WhiteElo "2160"]
[BlackElo "2475"]

1.d4 Nf6 2.Bg5 g6 3.Bxf6 exf6 4.e3 Bg7 5.g3 O-O 6.Bg2 f5 7.Nd2 d5 8.c4 c5
9.Ne2 cxd4 10.exd4 dxc4 11.Nxc4 f4 12.Nxf4 Re8+ 13.Kf1 Nc6 14.d5 Na5 15.Ne3 Bxb2
16.Rb1 Be5 17.Ne2 b6 18.Qd3 Nb7 19.h4 Nc5 20.Qd2 Ba6 21.Bf3 Qf6 22.Kg2 h5
23.Nc1 Rad8 24.Nb3 Bc3 25.Qd1 Nd3 26.Nd2 Nxf2  0-1

[Event "Chemnitz op"]
[Site "Chemnitz"]
[Date "1997.??.??"]
[Round "7"]
[White "Helbig, Uwe"]
[Black "Espig, Lutz"]
[Result "0-1"]
[WhiteElo "2240"]
[BlackElo "2410"]

1.d4 Nf6 2.Bg5 g6 3.Bxf6 exf6 4.e3 Bg7 5.Nd2 f5 6.Qf3 d6 7.Bd3 Nd7 8.Ne2 O-O
9.h3 Nf6 10.Nf4 c6 11.O-O Re8 12.Ne2 Qe7 13.Ng3 h5 14.Rfe1 h4 15.Ngf1 Ne4
16.Qe2 Bd7 17.c3 Bh6 18.Bc2 Qf6 19.Nh2 Qg7 20.Rad1 Re7 21.Ndf1 Rae8 22.f4 g5
23.fxg5 Qxg5 24.Nf3 Qh5 25.N3h2 Qg6 26.Bxe4 fxe4 27.Kh1 f5 28.Qf2 Rg7 29.Re2 Qg5
30.Nd2 Rf8 31.Rg1 d5 32.Qf4 Qxf4 33.exf4 Bxf4 34.Ndf1 Be8 35.Rf2 Bg3 36.Rc2 Bh5
37.Ne3 Bxh2 38.Kxh2 f4 39.Nf1 e3 40.Kh1 e2 41.Nh2 f3  0-1

[Event "Chemnitz op"]
[Site "Chemnitz"]
[Date "1997.??.??"]
[Round "9"]
[White "Lorenz, Gerd"]
[Black "Van der Weide, Karel"]
[Result "0-1"]
[WhiteElo "2305"]
[BlackElo "2375"]

1.d4 Nf6 2.Bg5 d5 3.Nd2 Nbd7 4.Ngf3 e6 5.c3 Be7 6.e3 b6 7.Bd3 Bb7 8.Qa4 O-O
9.Ne5 h6 10.Bxf6 Nxf6 11.g4 Bd6 12.Rg1 Ne4 13.Qc2 Bxe5 14.dxe5 Nxd2 15.Qxd2 f6
16.g5 hxg5 17.f4 fxe5 18.fxe5 Rf3 19.Bg6 Qe7 20.O-O-O Raf8 21.Qg2 Rxe3 22.h4 gxh4
23.Bc2 Rg3 24.Qh2 Qg5+ 25.Kb1 Ba6 26.Rxg3 Qxg3 27.Qh1 h3 28.a4 Be2  0-1

[Event "Cherepovets"]
[Site "Cherepovets"]
[Date "1997.??.??"]
[Round "7"]
[White "Popov, Valerij"]
[Black "Bratchenko, Alexander"]
[Result "1-0"]
[WhiteElo "2430"]
[BlackElo "2390"]

1.d4 Nf6 2.Bg5 d5 3.Bxf6 exf6 4.e3 Bf5 5.Bd3 Qd7 6.Ne2 Bxd3 7.Qxd3 f5 8.Nd2 c6
9.a3 b5 10.a4 bxa4 11.Nc3 a3 12.bxa3 Bd6 13.Na4 O-O 14.O-O Qc7 15.g3 Qa5
16.Nc5 Bxc5 17.Nb3 Qc7 18.Nxc5 Nd7 19.Na6 Qa5 20.Nb4 Qc7 21.Qxf5 g6 22.Qf3 Qd6
23.Kg2 a5 24.Nd3 Rab8 25.Rfc1 c5 26.dxc5 Nxc5 27.Nf4 Ne4 28.Rd1 Nc3 29.Rd3 Qe5
30.Rd4 Rb5 31.a4 Rb4 32.Nd3 Qd6 33.Nxb4 axb4 34.h4 h5 35.g4 hxg4 36.Qxg4 Ra8
37.Rxb4 Qf6 38.Rd4 Ne4 39.Rf1 Ra5 40.h5 g5 41.c4 Rxa4 42.Qc8+ Kg7 43.h6+ Kg6
44.Qg8+ Kh5 45.Rh1+ Kg4 46.Qc8+ Qf5 47.f3+  1-0

[Event "Ciego de Avila"]
[Site "Ciego de Avila"]
[Date "1997.??.??"]
[Round "5"]
[White "Larduet, Carlos"]
[Black "Castellanos, Carlos"]
[Result "1-0"]
[WhiteElo "2395"]
[BlackElo "2310"]

1.d4 Nf6 2.Bg5 g6 3.Bxf6 exf6 4.g3 Bg7 5.Bg2 O-O 6.e3 a5 7.Ne2 a4 8.O-O Ra5
9.c4 b6 10.Nbc3 a3 11.b4 Ra6 12.Rb1 d6 13.b5 Ra7 14.Rb3 Be6 15.Nd5 c6 16.bxc6 Nxc6
17.Qc1 Na5 18.Rxa3 Qb8 19.Rc3 Rc8 20.Nef4 f5 21.Qc2 Nc6 22.Rb1 Ra6 23.Nd3 Qa7
24.N5b4 Nxb4 25.Nxb4 Ra3 26.Rxa3 Qxa3 27.Nc6 Bf6 28.Rxb6 h5 29.Bf1 h4 30.Qb3 Qc1
31.Rb8 Rxb8 32.Qxb8+ Kg7 33.Qb3 f4 34.exf4 Bd7 35.d5 Bc3 36.c5 dxc5 37.Qc4 Qa1
38.Qxc5 Bf6 39.Qc4 Bh3 40.a3 hxg3 41.hxg3 Bxf1 42.Qxf1 Qxa3 43.Qc4 Qd6 44.Kg2 Kf8
45.Na7 Qb6 46.Nb5 Qa5 47.Nd6 Be7 48.Qc8+ Kg7 49.Ne8+ Kh7 50.Qb7 Qd8 51.Qc6 Qa5
52.d6 Bd8 53.d7 Qd2 54.Nd6 Kg7 55.f5 g5 56.Nb7 Bf6 57.Qxf6+  1-0

[Event "Capablanca 32th Premier-B"]
[Site "Cienfuegos"]
[Date "1997.??.??"]
[Round "1"]
[White "Bellon Lopez, Juan Manuel"]
[Black "Lopez, C."]
[Result "1-0"]
[WhiteElo "2465"]
[BlackElo "2400"]

1.d4 Nf6 2.Bg5 c5 3.Nc3 cxd4 4.Qxd4 Nc6 5.Qh4 d6 6.e4 Bd7 7.f4 Qa5 8.Bxf6 gxf6
9.O-O-O Rc8 10.Bb5 h5 11.Nge2 Rg8 12.Rd5 Qb6 13.Rxh5 Rg4 14.Qe1 Qe3+ 15.Kb1 Rxg2
16.Nd5 Qf3 17.Rh8 Qxe4 18.Nxf6+ exf6 19.Nc3 Qxe1+ 20.Rxe1+ Ne5 21.Bf1 Rf2
22.fxe5 fxe5 23.Ne4 Rcxc2 24.Nxf2 Rxf2 25.Bd3 Be6 26.Rf1 Rxf1+ 27.Bxf1 d5
28.Bh3 Bxh3 29.Rxh3 Ke7 30.Kc2 Ke6 31.Rh8 Bc5 32.h4 Kf6 33.h5 Kg7 34.Rd8 Bd4
35.Rxd5 Kh6 36.Rd7 f5 37.Rf7 f4 38.Rf5 b5 39.b3 Kg7 40.Kd3 Kh6 41.Ke4 b4
42.Kf3 Bc3 43.Kg4 Kg7 44.Kg5 Bd2 45.h6+  1-0

[Event "Capablanca mem mixed"]
[Site "Cienfuegos"]
[Date "1997.??.??"]
[Round "3"]
[White "Larduet, Carlos"]
[Black "Perdomo, Carlos"]
[Result "1/2-1/2"]
[WhiteElo "2310"]
[BlackElo "2330"]

1.d4 Nf6 2.Bg5 d5 3.c3 c6 4.Nf3 Bf5 5.Nh4 Bg6 6.Nd2 Nbd7 7.Qb3 Qb6 8.Nxg6 hxg6
9.e3 e6 10.Be2 Bd6 11.h3 e5 12.dxe5 Bxe5 13.O-O-O Nc5 14.Qxb6 axb6 15.Bxf6 Bxf6
16.a3 O-O 17.Kc2 Ra4 18.g3 Ne4 19.Nxe4 Rxe4 20.h4 Re5 21.g4 Rd8 22.Bf3 b5
23.Be2 Re6 24.Bd3 Kf8 25.Rdg1 Ke7 26.g5 Be5 27.h5 gxh5 28.Bf5 g6 29.Bxe6 Kxe6
30.Rh4 Kf5 31.f3 Ra8 32.Kd3 Ra4 33.Rh3 c5 34.Rg2 Rc4 35.Rh1 b4 36.axb4 cxb4
37.e4+ Ke6 38.exd5+ Kxd5 39.Re2 Rf4 40.cxb4 Rxb4 41.Rd1 h4 42.Re4 Rxe4 43.fxe4+ Ke6
44.Rh1 Bg3 45.Ke3 f6 46.gxf6 Kxf6 47.Kf3 Ke6 48.Rd1 Be5 49.b3 h3 50.Rh1 h2
51.Kg2 g5 52.Rd1 g4 53.Rd5 b6 54.Rb5 Bc7 55.Rg5 g3 56.Rg7 Bd6 57.Rg6+ Ke5
58.Rh6 Bc5 59.Kxg3 Kxe4 60.Kxh2 Kd3 61.Kg2 Bd4 62.Rc6 b5 63.b4 Bc3  1/2-1/2

[Event "Capablanca 32th Premier-B"]
[Site "Cienfuegos"]
[Date "1997.??.??"]
[Round "12"]
[White "Bellon Lopez, Juan Manuel"]
[Black "Alvarez, Jose"]
[Result "1/2-1/2"]
[WhiteElo "2465"]
[BlackElo "2405"]

1.d4 Nf6 2.Bg5 g6 3.Bxf6 exf6 4.e3 d5 5.h4 Bg7 6.c4 dxc4 7.Bxc4 Nd7 8.Nc3 c6
9.Nge2 Nb6 10.Bb3 Bg4 11.h5 Bxe2 12.Qxe2 f5 13.O-O-O Qd7 14.g4 fxg4 15.Ne4 Qe7
16.Nc5 g3 17.Qf3 gxf2 18.Rdf1 Bh6 19.Kb1 O-O-O 20.Rxf2 Nd7 21.Nxd7 Qxd7 22.Bxf7 Qf5+
23.e4 Qxf3 24.Rxf3 g5 25.d5 Kc7 26.dxc6 bxc6 27.e5 Rd2 28.Re1 Bf8 29.Be6 Bc5
30.Rf7+ Kb6 31.Bf5 Rh2 32.e6 Rd8 33.a3 Rdd2 34.b4 Rb2+ 35.Kc1 Bd4 36.Rd7 Bc3
37.Re3 Bf6 38.Bb1 Rhe2 39.Rxe2 Rxe2 40.Bxh7 Rxe6 41.Bf5 Re5 42.Bg4 Re4 43.Rf7 Rxg4
44.Rxf6 Rh4 45.h6 Kb5  1/2-1/2

[Event "KS Sommerskak op"]
[Site "Copenhagen"]
[Date "1997.??.??"]
[Round "?"]
[White "Houska, Miroslav"]
[Black "Hoi, Carsten"]
[Result "1/2-1/2"]
[WhiteElo "2260"]
[BlackElo "2425"]

1.d4 Nf6 2.Bg5 d5 3.e3 Nbd7 4.c4 e6 5.Nc3 Be7 6.cxd5 Nxd5 7.Bxe7 Qxe7 8.Qd3 O-O
9.Nf3 c6 10.Be2 Re8 11.O-O Nxc3 12.Qxc3 e5 13.dxe5 Nxe5 14.Qxe5 Qxe5 15.Nxe5 Rxe5
16.Rfd1 Be6 17.a3 Kf8 18.Rac1 Ke7 19.Bc4 Rc5 20.Bxe6 Rxc1 21.Rxc1 Kxe6 22.Kf1 Rd8
23.Ke2 f5 24.Rc2 Rd5 25.h3 h5 26.h4 a5 27.b3 Rb5  1/2-1/2

[Event "Costa Rica-ch"]
[Site "Costa Rica"]
[Date "1997.??.??"]
[Round "19"]
[White "Hernandez, Francisco"]
[Black "Melendez, Esteban"]
[Result "1-0"]
[WhiteElo "2205"]
[BlackElo "2015"]

1.d4 Nf6 2.Bg5 g6 3.Nc3 Bg7 4.e4 d6 5.f4 O-O 6.Nf3 c5 7.d5 Bg4 8.Be2 Nbd7
9.O-O h6 10.Bh4 a6 11.a4 b6 12.h3 Bxf3 13.Bxf3 Rb8 14.Qe2 b5 15.axb5 axb5
16.e5 dxe5 17.fxe5 Nh7 18.d6 g5 19.Bg3 exd6 20.e6 Ne5 21.exf7+ Kh8 22.Bd5 Qd7
23.Ne4 Nf6 24.Nxf6 Bxf6 25.Qh5 Kg7 26.Rae1 Qd8 27.Be4 Rxf7 28.Bxe5 dxe5 29.Qg6+ Kf8
30.Rd1  1-0

[Event "CZE-chT1c 9697"]
[Site "CZE"]
[Date "1997.??.??"]
[Round "?"]
[White "Roj, Miroslav"]
[Black "Cerny, Martin"]
[Result "0-1"]
[WhiteElo "2200"]
[BlackElo "2225"]

1.d4 Nf6 2.Bg5 d5 3.Nd2 c6 4.e3 Bg4 5.f3 Bh5 6.Ne2 Nbd7 7.Bh4 Bg6 8.g4 h6
9.Bg3 Qb6 10.Nb3 a5 11.a4 e6 12.Nf4 Bh7 13.Nd3 Be7 14.h4 O-O 15.g5 Nh5 16.Bf2 Bxd3
17.Bxd3 c5 18.Bb5 Rfd8 19.f4 g6 20.dxc5 Nxc5 21.Qd4 Qc7 22.Be2 Ng7 23.Nxc5 Bxc5
24.Qd2 h5 25.c3 Nf5 26.Rh3 Qb6 27.Kf1 e5 28.fxe5 Qe6 29.Kg2 Qxe5 30.Bd3 Re8
31.Re1 Nd6 32.Bg3 Qe6 33.Bf4 Nc4 34.Qe2 Ne5 35.Bb5 Re7 36.Rg3 Ng4 37.c4 Qe4+
38.Qf3 d4 39.Qxe4 Rxe4 40.Bd7 Nxe3+ 41.Kf3 Rxf4+ 42.Kxf4 Bd6+ 43.Kf3 Bxg3
44.Kxg3 Rd8  0-1

[Event "MSS-ch"]
[Site "CZE"]
[Date "1997.??.??"]
[Round "?"]
[White "Dittrich, Pavel"]
[Black "Makovicka, Martin"]
[Result "1/2-1/2"]
[WhiteElo "1760"]
[BlackElo "1870"]

1.d4 Nf6 2.Bg5 c5 3.e3 cxd4 4.exd4 Ne4 5.Bc1 d5 6.c3 Nc6 7.Nd2 Nf6 8.Bd3 Bg4
9.f3 Bh5 10.Ne2 Bg6 11.Nb3 e6 12.O-O Rc8 13.f4 Ne4 14.Bxe4 Bxe4  1/2-1/2

[Event "CZE-chT1b 9697"]
[Site "CZE"]
[Date "1997.??.??"]
[Round "?"]
[White "Kourek, Josef"]
[Black "Blahacek, Evzen"]
[Result "1-0"]
[WhiteElo "2320"]
[BlackElo "2280"]

1.d4 Nf6 2.Bg5 c5 3.d5 e6 4.Nc3 Qb6 5.e4 d6 6.Bb5+ Bd7 7.a4 Be7 8.Nf3 a6
9.a5 Qc7 10.Bc4 e5 11.h3 b5 12.axb6 Qxb6 13.Qd3 O-O 14.O-O a5 15.Ra3 Na6
16.Bxa6 Qxa6 17.Qxa6 Rxa6 18.Rfa1 Rfa8 19.Bxf6 Bxf6 20.Nd2 Bd8 21.Nc4 Kf8
22.Rb3 Ke7 23.Na4 Bxa4 24.Rxa4 Bc7 25.Kf1 Kd7 26.Ke2 Rf8 27.Rba3 g6 28.c3 Rb8
29.Kd3 f5 30.Ra2 fxe4+ 31.Kxe4 Rf8 32.f3 h5 33.Kd3 Rf4 34.Nd2 Rxa4 35.Rxa4 Rb6
36.Kc2 Rb8 37.f4 Re8 38.Kd3 Bd8 39.Nf3 exf4 40.Rxf4 Be7 41.Rf7 Rb8 42.Kc2 Rg8
43.Nd2 Ke8 44.Rf3 Bd8 45.Nc4 Ke7 46.Kb3 g5 47.Ka4 g4 48.Re3+ Kd7 49.Re6 Bc7
50.Rh6 gxh3 51.Rh7+ Kc8 52.gxh3 Rg5 53.Kb5  1-0